书目信息 |
| 题名: |
高等数学
|
|
| 作者: | 庄容坤 , 罗辉 主编 | |
| 分册: | 下 | |
| 出版信息: | 上海 复旦大学出版社 2018.03 |
|
| 页数: | 231页 | |
| 开本: | 26cm | |
| 丛书名: | ||
| 单 册: | ||
| 中图分类: | O13 | |
| 科图分类: | ||
| 主题词: | 高等数学--gao deng shu xue--高等学校--教材 | |
| 电子资源: | ||
| ISBN: | 978-7-309-13469-8 | |
| 000 | 01017nam0 2200241 450 | |
| 001 | 2030314898 | |
| 005 | 20201122090528.58 | |
| 010 | @a978-7-309-13469-8@dCNY40.00 | |
| 100 | @a20181030e20192018em y0chiy0110 ea | |
| 101 | 0 | @achi |
| 102 | @aCN@b310000 | |
| 105 | @ay z 000yy | |
| 106 | @ar | |
| 200 | 1 | @a高等数学@9gao deng shu xue@h下@f庄容坤, 罗辉主编 |
| 210 | @a上海@c复旦大学出版社@d2018.03@h2019.02 | |
| 215 | @a231页@d26cm | |
| 330 | @a本书内容包括空间解析几何,多元函数微分学,重积分,线积分、面积分,级数。内容循序渐进、由浅入深。本书主要针对地方性高校理工科专业学生编。在教育思想、教育观念上,强调培养学生的创新精神和应用能力的培养。内容上体现微积分基本思想在理、工科等领域中的应用。并继承传统教材中的结构严谨、逻辑清晰的优点,做到突出重点、详略得当、通俗易懂、便于自学。 | |
| 606 | 0 | @a高等数学@9gao deng shu xue@x高等学校@j教材 |
| 690 | @aO13@v5 | |
| 701 | 0 | @a庄容坤@9zhuang rong kun@4主编 |
| 701 | 0 | @a罗辉@9luo hui@4主编 |
| 801 | 0 | @aCN@bBJSZM@c20201120 |
| 905 | @b1242559-62@dO13@e1009:2@f4 | |
| 高等数学.下/庄容坤, 罗辉主编.-上海:复旦大学出版社,2018.03(2019.02) |
| 231页;26cm |
| ISBN 978-7-309-13469-8:CNY40.00 |
| 本书内容包括空间解析几何,多元函数微分学,重积分,线积分、面积分,级数。内容循序渐进、由浅入深。本书主要针对地方性高校理工科专业学生编。在教育思想、教育观念上,强调培养学生的创新精神和应用能力的培养。内容上体现微积分基本思想在理、工科等领域中的应用。并继承传统教材中的结构严谨、逻辑清晰的优点,做到突出重点、详略得当、通俗易懂、便于自学。 |
| ● |
| 相关链接 |
|
|
|
|
正题名:高等数学
索取号:O13/1009:2
 
预约/预借
| 序号 | 登录号 | 条形码 | 馆藏地/架位号 | 状态 | 备注 |
| 1 | 1242559 | 212425598 | 第二样本阅览室/ [索取号:O13/1009:2] | 在馆 | |
| 2 | 1242560 | 212425605 | 第三借阅区/ [索取号:O13/1009:2] | 在馆 | |
| 3 | 1242561 | 212425614 | 第三借阅区/ [索取号:O13/1009:2] | 在馆 | |
| 4 | 1242562 | 212425623 | 第三借阅区/ [索取号:O13/1009:2] | 在馆 |